Which countries can you find these Animals? - Statistics

General Stats
  • This quiz has been taken 26 times
  • The average score is 9 of 15
Answer Stats
Hint Answer % Correct
Orangutans Indonesia
82%
Kiwi New Zealand
82%
Llama Peru
82%
Elephant Botswana
77%
Lemur Madagascar
77%
Eagles USA
73%
Penguins Chile
64%
Chicken China
64%
Crocodile Australia
59%
Dodo Mauritius
55%
Axolotl Mexico
55%
Puma Brazil
45%
Walrus Russia
41%
Rhinos South Africa
36%
Camel Somalia
5%
No matching quizzes found
Score Distribution
Percent of People with Each Score
Percentile by Number Answered
Your Score History
You have not taken this quiz